| 000 | 00562nam a2200181 i 4500 | ||
|---|---|---|---|
| 001 | 171028 | ||
| 003 | ES-MaACL | ||
| 005 | 20230906214524.0 | ||
| 007 | t| | ||
| 008 | 090422s1904 fr ||||1| fre d | ||
| 080 | _a821.133.1-22"19" | ||
| 100 | 0 |
_aBerton, Pierre. _928485 |
|
| 245 | 1 | 0 |
_aZaza _b: pièce en cinq actes / _cPierre Berton & Charles Simon. |
| 260 |
_aParis : _bEugène Fasquelle, _c1904. |
||
| 300 |
_a280 p. ; _c19 cm. |
||
| 700 | 1 |
_aSimon, Charles. _9139907 |
|
| 852 | 4 |
_aES-MaACL _jE-12600 _9R.140242 _z. - Biblioteca Jacinto Martínez Lacalle |
|
| 999 |
_c171028 _d171028 |
||